| 000 | 00727nam a2200253 4500 | ||
|---|---|---|---|
| 001 | 30898 | ||
| 003 | BD-RjUL | ||
| 005 | 20211209051631.0 | ||
| 008 | 140411s1969 e b 001 0 eng d | ||
| 035 | _a(BD-RjUL)30985 | ||
| 040 |
_aDLC _cDLC _dBD-RjUL _beng |
||
| 041 | _aeng | ||
| 082 | 0 | 0 |
_a184 _bSAP 1969 |
| 100 | 1 |
_aSayre, Kenneth M., _d1928- _93353 |
|
| 245 | 1 | 0 |
_aPlato's analytic method / _c[by] Kenneth M. Sayre. |
| 260 |
_aChicago : _bUniversity of Chicago Press, _c1969. |
||
| 300 |
_axi, 250 p. ; _c23 cm. |
||
| 504 | _aIncludes Bibliography: p. [239]-241 and index. | ||
| 600 | 0 | 0 |
_aPlato. _993880 |
| 650 | 0 |
_aAnalysis (Philosophy) _993878 |
|
| 942 |
_2ddc _cBK |
||
| 999 |
_c30898 _d30898 |
||